| 000 | 00508cam a2200181ua 4500 | ||
|---|---|---|---|
| 020 |
_a81-204-1058-0 _c195.00 |
||
| 041 |
_aeng _h |
||
| 082 |
_a028.72628 _bVAR/MA |
||
| 100 | _aVarma, C.V.J. | ||
| 245 | 0 | 0 |
_aManual on evaporation and its restricion from free water surfaces / _cC V J Varma. _hTextual Documents |
| 250 |
_a1 / _b. |
||
| 260 |
_aNew Delhi : _bOxford & IBH Publishing company , _c1996. |
||
| 300 | _a85 ; . | ||
| 365 | _a195.00 | ||
| 504 | _a | ||
| 942 | _cBK | ||
| 999 |
_c5560 _d5560 |
||